Szczegóły MARC21

Nouvelle encyclopédie Bordas 5, Haut-parleur - Limouse /

005 -DATA I CZAS OSTATNIEJ MODYFIKACJI [,]
    • @
    • pole kontrolne
    • 20070315155141.9
020 -Międzynarod. znormalizowany nr książki - ISBN [ , ]
    • a
    • Numer ISBN
    • 2907092154 Find
040 -Instytucja sporządzająca opis [ , ]
    • a
    • Instytucja, która sporządziła opis (NP)
    • SZCZ U
    • c
    • Instytucja, która sporządziła rekord (NP)
    • SZCZ U
041 -Język dokumentu [0, ]
    • a
    • Język tekstu (P)
    • francuski
    • h
    • Język tekstu oryginalnego i/lub pośredniego (P)
    • francuski
942 -Rodzaj dokumentu [ , ]
    • c
    • Rodzaj dokumentu
    • Książka
245 -Strefa tytułu i oznaczenia odpowiedzialności [0, ]
    • a
    • Tytuł
    • Nouvelle encyclopédie Bordas Find
    • n
    • Oznaczenie części (P)
    • 5,
    • p
    • Nazwa części (P)
    • Haut-parleur - Limouse /
    • c
    • Pozostałe elementy strefy tytułu i oznaczenia odpowiedzialności (NP)
    • directeur de public. Georges Pascal.
260 -Strefa adresu wydawniczego [ , ]
    • a
    • Miejsce wydania (P)
    • Paris :
    • b
    • Nazwa wydawcy (P)
    • Bordas,
    • c
    • Data wydania (P)
    • cop.1988.
300 -Strefa opisu fizycznego [ , ]
    • a
    • Określenie formy książki i/lub objętość (NP)
    • S.2433-3040 :
    • b
    • Oznaczenie ilustracji (NP)
    • il[11] k.tabl :
    • c
    • Format (NP)
    • 27 cm.
080 -Uniwersalna Klasyfikacja Dziesiętna [ , ]
    • a
    • Symbol klasyfikacji
    • 0/9(038)=40
980 -Symbol UKD [ , ]
    • a
    • UKD
    • 0/9(038)=40
700 -Hasło dodatkowe - nazwa osobowa [ , ]
    • a
    • Nazwa osobowa (NP)
    • Pascal Georges Find
920 -ISBN [ , ]
    • a
    • ISBN
    • 2-907092-15-4 Find
Lokalizacja Data inwentaryzacji Status udost. Numer inwentarzowy Sygnatura
BM2000-10-161A.5912FR. Encyklopedie 05